| 000 | 00762nam a2200205 a 4500 | ||
|---|---|---|---|
| 008 | 080418s2008 xx |||||||||||||| || u | ||
| 050 | _aIBRD(08)WP | ||
| 100 | _aRajkumar, Andrew Sunil | ||
| 245 | 1 | 0 | _aAchieving better service delivery through decentralization in Ethiopia |
| 260 |
_a _bWorld Bank _c2008 |
||
| 300 | _axix, 111p. :ill | ||
| 350 | _a0.00 | ||
| 490 | _aWorld Bank Working Papers | ||
| 490 | _v Africa Human Development Series | ||
| 650 | _aDECENTRALIZATION IN GOVERNMENT--ETHIOPIA | ||
| 650 | _aLOCAL GOVERNMENT--ETHIOPIA | ||
| 700 | _aGarcia, Marito | ||
| 710 | _aWorld Bank | ||
| 995 |
_D0.00 _FCBU-MAIN LIBRARY (Kitwe) _H1 _I0.00 _M1 _UAVAILABLE _WApr 24, 2008 _ZInternational Publications |
||
| 999 |
_c33395 _d33395 |
||